Cuentos de Andersen: texto adaptado

Saved in:
Bibliografiske detaljer
Hovedforfatter: Andersen, Hans Christian (Author)
Format: Bog
Sprog:spansk
Udgivet: Santiago Andrés Bello 1994
Serier:Gran biblioteca Icarito
Fag:
Tags: Tilføj Tag
Ingen Tags, Vær først til at tagge denne postø!

MARC

LEADER 00000nam a2200000 a 4500
001 UCY3046
003 CL-VaPUC
008 941206e19940000CL |||||||||||||||||spa|d
082 0 4 |a 839.81  |b AND  |2 21 
100 |a Andersen, Hans Christian  |e author  |9 308911 
245 1 0 |a Cuentos de Andersen: texto adaptado 
300 |a 94 p 
942 |c BK 
945 |d 19941206 00:00:00  |a mfernand 
260 |a Santiago  |b Andrés Bello  |c 1994 
650 0 |a Cuentos infantiles  |9 308044 
650 0 |a Cuentos infantiles daneses  |9 309180 
583 |a last modification  |c 19941206 00:00:00  |k Rodrigo Vera 
490 0 |a Gran biblioteca Icarito 
999 |c 231289  |d 231287 
952 |0 0  |1 0  |4 0  |6 839_810000000000000_AND_1994  |7 0  |8 A  |9 234352  |a BIBEDU  |b BIBEDU  |d 2019-11-15  |i 3041735  |o 839.81 AND 1994  |p 3041735  |r 2019-11-15  |w 2019-11-15  |y BK  |k EPE